[Event "Catalunya-chB"]
[Site "Spain"]
[Date "1996.11.10"]
[Round "6"]
[White "Ferre Contreras, Pau"]
[Black "Salas Viralta, Joan Carles"]
[Result "1-0"]
[WhiteElo "1800"]
[BlackElo "1830"]
[PlyCount "52"]
[EventDate "1997.??.??"]
[EventType "swiss"]
[EventRounds "8"]
[EventCountry "ESP"]
[SourceTitle "EXT 2003"]
[Source "ChessBase"]
[SourceDate "2002.11.25"]
[SourceVersion "1"]
[SourceVersionDate "2002.11.25"]
[SourceQuality "1"]

1. e4 c5 2. Nf3 d6 3. d4 cxd4 4. Nxd4 Nf6 5. Nc3 a6 6. Be2 Nbd7 7. f3 e6 8. Be3 Be7 9. Qd2 Nb6 10. g4 e5 11. Nb3 Be6 12. h4 Qc7 13. h5 0-0-0 14. Na5 d5 15. exd5 Nbxd5 16. Nb3 Bb4 17. Bd3 Nxc3 18. a3 Ba5 19. Nxa5 Qxa5 20. Qxc3+ Qxc3+ 21. bxc3 Bd5 22. Rf1 e4 23. fxe4 Bxe4 24. Rxf6 gxf6 25. Bxe4 Rhe8 26. Bf5+ Kb8 1-0